00681nam a22001937a 45000010005000000030009000050050017000140070005000310080048000360200018000840400022001021000022001242400029001462450178001752600029003533000031003827000034004137000040004470074DO-SdBNP20171214092150.00074151116b sp 1990 xxu||||| |||| 00| 0 spa d a9788476005477 aBPMSUbspacBPMSU10aNancarrow, Peter 10aEarly china and the wall13aLa antigua china y la gran muralla /cPeter Nancarrow ; traducción Miguel Martínez Lage ; traducción Miguel Martínez Lage ; revisión Pedro López Barja de Quiroga aEspaña :bAkal,c1990. a47 p. :bil., map.c20 cm.10aMartínez Lage, Miguel,etr.10aBarja Quiroga, Pedro López,erev.